000
00306nam a2200133Ia 4500
008
100328s9999 xx 000 0 und d
082
_b
2821
100
_a
Pearse A.S.
245
_a
Animal Ecology
260
_b
Mcgraw-Hill Book
630
_a
Animal Ecology
730
_a
Animal Ecology
942
_c
BOOK
999
_c
499010
_d
499007